000
00219 a2200097 4500
001
26428
100
_a
Thienelle,
245
_a
The victory over low blood sugar
260
_a
_b
Arco Publishing
_c
090
_c
17764
_d
17764
942
_a
NUST-CAE
_c
M
_c
8629
999
_c
261501
_d
261501